000 00495nam a22001937a 4500
003 MPLRDC
005 20220104113623.0
008 210129b ||||| |||| 00| 0 eng d
020 _a986-6759-01-7
082 _a781 SCH
100 _aWOLF SCHNEIDER
245 _a伟大的失败者
_c薛文瑜等译
250 _a第一版
260 _a台湾
_b天下杂志股份有限公司
_c2007
300 _b302
490 _a心灵成长. 6
650 _a世界名人合传
942 _cBK
_o781 SCH
999 _c1046
_d1036